000
00343nam a2200145Ia 4500
008
210716s1991 xx 000 0 und d
020
_a
895886707
041
_a
eng
082
_a
005.3001 SIMA
100
_a
Simpson, Alan.
245
_a
Mastering wordperfect 5.1: for dos.
250
_a
1
260
_a
USA
_b
Sybex
_c
1991
300
_a
li,965
999
_c
180635
_d
180635